[Event "13th SRB-ch Men 2019"]
[Site "Beograd"]
[Date "2019.04.10"]
[Round "5.3"]
[White "Damljanovic, Branko"]
[Black "Milanovic, Danilo"]
[Result "0-1"]
[WhiteElo "2486"]
[BlackElo "2495"]
[Annotator "RC"]
[PlyCount "90"]
[EventDate "2019.04.06"]
[EventType "tourn"]
[EventCountry "SRB"]
[SourceTitle "playchess.com"]
[Source "ChessBase"]
[SourceQuality "1"]
[TimeControl "40/5400+30:1800+30"]

1. Nf3 {[%emt 0:00:00]} Nf6 {[%emt 0:00:00]} 2. c4 {[%emt 0:00:00]} c5 {[%emt 0:00:00]} 3. Nc3 {[%emt 0:00:00]} b6 {[%emt 0:00:03]} 4. e4 {[%emt 0:00:05]} d6 {[%emt 0:00:06]} 5. d4 {[%emt 0:00:10]} cxd4 {[%emt 0:00:06]} 6. Nxd4 {[%emt 0:00:04]} Bb7 {[%emt 0:00:09]} 7. f3 {[%emt 0:01:01]} e6 {[%emt 0:00:55]} 8. Be3 {[%emt 0:00:07]} a6 {[%emt 0:00:35]} 9. Be2 {[%emt 0:00:55]} Be7 {[%emt 0:00:10]} 10. Qd2 {[%emt 0:00:37]} O-O {[%emt 0:00:13]} 11. O-O {[%emt 0:04:08]} Qc7 {[%emt 0:00:36]} 12. Rfc1 {[%emt 0:00:14]} Rc8 {[%emt 0:01:07]} 13. b4 {[%emt 0:02:23]} Nbd7 {[%emt 0:06:38]} 14. Na4 {[%emt 0:15:51]} Qd8 {[%emt 0:01:40]} 15. Nb3 {[%emt 0:01:59]} Bc6 {[%emt 0:13:07]} 16. Nb2 {[%emt 0:04:33]} Bb7 {[%emt 0:22:42]} 17. a4 {[%emt 0:07:30]} a5 {[%emt 0:02:32]} 18. c5 {[%emt 0:03:37]} dxc5 {[%emt 0:25:36]} 19. bxa5 {[%emt 0:00:19]} bxa5 {[%emt 0:00:40]} 20. Nc4 {[%emt 0:00:17]} Ba6 {[%emt 0:00:09]} 21. Nbxa5 {[%emt 0:01:21]} Qc7 {[%emt 0:02:22]} 22. Bf1 {[%emt 0:10:53]} Rcb8 {[%emt 0:02:15]} 23. Qc2 {[%emt 0:02:23]} Ne8 {[%emt 0:10:47]} 24. Nb3 {[%emt 0:10:02]} Nd6 {[%emt 0:03:22]} 25. Nbd2 {[%emt 0:05:09]} Nxc4 {[%emt 0:01:16]} 26. Nxc4 {[%emt 0:03:22]} Bf6 {[%emt 0:01:04]} 27. Ra2 {[%emt 0:01:14]} h6 {[%emt 0:00:50]} 28. Na3 {[%emt 0:03:22]} Bxf1 {[%emt 0:02:14]} 29. Rxf1 {[%emt 0:00:03]} Nb6 {[%emt 0:02:42]} 30. Nb5 {[%emt 0:03:37]} Qc6 {[%emt 0:00:03]} 31. Rb1 {[%emt 0:00:07]} c4 {[%emt 0:00:17]} 32. f4 {[%emt 0:04:24]} Be7 {[%emt 0:01:12]} 33. a5 {[%emt 0:01:37]} Nd7 {[%emt 0:00:15]} 34. Nd4 {[%emt 0:00:39]} Qa6 {[%emt 0:00:19]} 35. e5 {[%emt 0:07:24]} Nc5 {[%emt 0:00:49]} 36. f5 {[%emt 0:04:13]} Nd3 {[%emt 0:00:17]} 37. fxe6 {[%emt 0:00:44]} fxe6 {[%emt 0:00:15]} 38. Rf1 {[%emt 0:00:30]} Rf8 {[%emt 0:00:42]} 39. Raa1 {[%emt 0:03:16]} Bc5 {[%emt 0:00:32]} 40. Rxf8+ {[%emt 0:00:00]} Rxf8 {[%emt 0:00:00]} 41. Qe2 {[%emt 0:01:21]} Nf4 {[%emt 0:07:58]} 42. Qc2 {[%emt 0:07:39]} Nd5 {[%emt 0:08:45]} 43. Bf2 {[%emt 0:01:07]} Rxf2 {[%emt 0:01:13]} 44. Qxf2 {[%emt 0:00:02]} Qa7 {[%emt 0:00:11]} 45. Rd1 {[%emt 0:00:54]} Nc3 {[%emt 0:15:46]} 0-1

[Event "13th SRB-ch Men 2019"]
[Site "Beograd"]
[Date "2019.04.10"]
[Round "5.4"]
[White "Cabarkapa, Novak"]
[Black "Ivic, Velimir"]
[Result "1/2-1/2"]
[WhiteElo "2454"]
[BlackElo "2516"]
[Annotator "TA"]
[PlyCount "91"]
[EventDate "2019.04.06"]
[EventType "tourn"]
[EventCountry "SRB"]
[SourceTitle "playchess.com"]
[Source "ChessBase"]
[SourceQuality "1"]

{[%evp 15,91,17,37,33,33,24,58,39,49,31,76,74,81,83,83,51,62,49,63,0,10,0,0,0,101,88,62,7,14,4,4,1,36,-4,35,29,25,22,9,12,75,71,71,73,90,92,99,97,104,90,68,52,48,20,24,34,92,95,105,105,110,112,110,110,746,716,830,643,791,795,785,744,556,654,394,8,8,8]} 1. Nf3 Nf6 2. g3 g6 3. b3 Bg7 4. Bb2 d5 5. c4 c6 6. Bg2 O-O 7. O-O a5 8. d3 Na6 9. a3 {A11: English Opening: 1...c6} Re8 10. Nbd2 Bf5 11. Qc2 {White is slightly better.} Qc8 12. Bc3 $146 ({Predecessor:} 12. e4 dxe4 13. dxe4 Bh3 14. e5 Bxg2 15. Kxg2 Nh5 16. Rfe1 Nc5 {1-0 (67) Fressinet,L (2717)-Volokitin,A (2638) Dubai 2014}) 12... b6 13. b4 axb4 14. axb4 Bh3 15. Qb2 Bxg2 16. Kxg2 Nc7 17. e4 (17. Rxa8 $14 Qxa8 18. Ra1) 17... dxe4 $11 18. Nxe4 {[%cal Rc3f6]} Rxa1 19. Rxa1 {[%cal Rc3f6]} Nh5 (19... Ne6 $11) 20. Bxg7 $16 Nxg7 21. Qe5 ({White should try} 21. Ra7 $14) 21... Nce6 22. Nc3 Rd8 23. d4 Nf5 {[%cal Re6d4]} 24. Ra7 Rd7 25. Rxd7 Qxd7 26. d5 $36 {[%mdl 2048] White is more active.} Nc7 $1 27. Na4 cxd5 (27... b5 $1 $11 {keeps the balance.} 28. Nb6 Qd6) 28. Nxb6 {[%mdl 64] [#] Double Attack} Qd6 29. Qxd6 exd6 30. Nxd5 Nxd5 31. cxd5 {[%mdl 4096] Endgame Strongly threatening b5. KN-KN} Ne7 32. b5 {[#] And now b6 would win.} Nxd5 33. Kf1 Kf8 34. Ke1 Ke7 35. Kd2 h6 ({Black should play} 35... Nf6 $14) 36. Kd3 Kd7 37. Nd2 Kc7 38. Nc4 Nf6 39. f3 d5 $2 {[%mdl 8192]} (39... Ne8 $16) 40. Ne5 $18 Kb6 41. Nxf7 Kxb5 42. Kd4 Kc6 43. Nxh6 Kd6 44. Ng4 Nd7 45. Ne3 $2 (45. f4 $18) 45... Ne5 $11 46. Nxd5 {Accuracy: White = 48%, Black = 37%.} 1/2-1/2

[Event "13th SRB-ch Men 2019"]
[Site "Beograd"]
[Date "2019.04.10"]
[Round "5.5"]
[White "Kovacevic, Aleksandar"]
[Black "Nestorovic, Nikola"]
[Result "1/2-1/2"]
[WhiteElo "2503"]
[BlackElo "2473"]
[Annotator "TA"]
[PlyCount "69"]
[EventDate "2019.04.06"]
[EventType "tourn"]
[EventCountry "SRB"]
[SourceTitle "playchess.com"]
[Source "ChessBase"]
[SourceQuality "1"]

{[%evp 16,69,12,12,18,9,16,12,19,14,20,16,26,22,25,29,30,30,33,34,58,40,83,54,52,58,62,66,46,50,31,27,21,19,20,28,33,0,14,0,0,0,0,3,0,0,0,0,0,0,0,0,0,0,0,0]} 1. e4 e5 2. Nf3 Nc6 3. Bb5 g6 4. d4 exd4 5. Bg5 Be7 6. Bxe7 Qxe7 7. Bxc6 dxc6 8. Qxd4 Nf6 9. Nc3 Bg4 {C60: Ruy Lopez: Unusual Black 3rd moves and 3...g6} 10. Nd2 c5 11. Qe3 O-O-O 12. h3 Be6 13. O-O-O Rhe8 14. Rhe1 Nd7 15. f4 f6 16. Nf3 Qf7 $146 ({Predecessor:} 16... Nb8 17. Rxd8+ Rxd8 {½-½ (70) Volokitin,A (2642)-Ali Marandi,C (2476) Gjakova 2016}) 17. a3 h6 18. g4 h5 19. Qg1 hxg4 20. hxg4 b6 21. Qg3 Nb8 22. Rxd8+ Rxd8 23. e5 Nc6 24. exf6 Qxf6 25. Ne4 Qf8 $1 26. Neg5 (26. Nxc5 $5 Qxc5 27. Rxe6 $14) 26... Bg8 {The position is equal.} 27. Ne6 Bxe6 $1 28. Rxe6 {[%mdl 64] [#] Double Attack} Nd4 29. Nxd4 Rxd4 $11 {[%mdl 4096] Endgame KQR-KQR} 30. f5 gxf5 31. Qf3 {And now Qa8+ would win.} Qd8 32. Qa8+ Kd7 33. Qc6+ Kc8 {[%csl Gd8][%cal Rd4d1] [#]} 34. Qa8+ Kd7 35. Qc6+ {Accuracy: White = 81%, Black = 77%.} 1/2-1/2

[Event "13th SRB-ch Men 2019"]
[Site "Beograd"]
[Date "2019.04.11"]
[Round "6.1"]
[White "Zajic, Milan"]
[Black "Nestorovic, Nikola"]
[Result "1/2-1/2"]
[WhiteElo "2507"]
[BlackElo "2473"]
[Annotator "RC"]
[PlyCount "77"]
[EventDate "2019.04.06"]
[EventType "tourn"]
[EventCountry "SRB"]
[SourceTitle "playchess.com"]
[Source "ChessBase"]
[SourceQuality "1"]
[TimeControl "40/5400+30:1800+30"]

1. e4 {[%emt 0:01:22]} e5 {[%emt 0:00:00]} 2. Nf3 {[%emt 0:00:17]} Nc6 {[%emt 0:00:00]} 3. Bb5 {[%emt 0:00:04]} g6 {[%emt 0:00:00]} 4. d4 {[%emt 0:01:03]} exd4 {[%emt 0:00:00]} 5. Bg5 {[%emt 0:00:03]} Be7 {[%emt 0:00:00]} 6. Bxe7 {[%emt 0:00:06]} Qxe7 {[%emt 0:00:01]} 7. Bxc6 {[%emt 0:00:06]} dxc6 {[%emt 0:00:06]} 8. Qxd4 {[%emt 0:00:15]} Nf6 {[%emt 0:00:06]} 9. Nc3 {[%emt 0:00:36]} Bg4 {[%emt 0:01:56]} 10. Nd2 {[%emt 0:00:30]} c5 {[%emt 0:00:23]} 11. Qe3 {[%emt 0:00:02]} O-O-O {[%emt 0:01:18]} 12. h3 {[%emt 0:00:02]} Bd7 {[%emt 0:00:09]} 13. O-O-O {[%emt 0:02:37]} Bc6 {[%emt 0:02:50]} 14. Rhe1 {[%emt 0:00:58]} h5 {[%emt 0:06:49]} 15. Nf3 {[%emt 0:05:47]} Rxd1+ {[%emt 0:00:55]} 16. Rxd1 {[%emt 0:01:06]} Re8 {[%emt 0:29:09]} 17. Nd2 {[%emt 0:18:04]} h4 {[%emt 0:03:56]} 18. Qg5 {[%emt 0:07:02]} Nh5 {[%emt 0:02:34]} 19. Qxe7 {[%emt 0:04:32]} Rxe7 {[%emt 0:00:11]} 20. Nf3 {[%emt 0:23:57]} b5 {[%emt 0:00:59]} 21. Nxh4 {[%emt 0:00:07]} b4 {[%emt 0:00:14]} 22. Nb1 {[%emt 0:00:41]} Rxe4 {[%emt 0:01:28]} 23. g3 {[%emt 0:00:17]} Re2 {[%emt 0:21:37]} 24. Rd2 {[%emt 0:00:41]} Re5 {[%emt 0:01:20]} 25. Rd3 {[%emt 0:12:41]} g5 {[%emt 0:02:33]} 26. Nf5 {[%emt 0:00:45]} Rxf5 {[%emt 0:00:56]} 27. g4 {[%emt 0:00:02]} Rxf2 {[%emt 0:06:40]} 28. gxh5 {[%emt 0:00:11]} Rf1+ {[%emt 0:00:12]} 29. Rd1 {[%emt 0:00:36]} Rxd1+ {[%emt 0:00:11]} 30. Kxd1 {[%emt 0:00:04]} Bf3+ {[%emt 0:00:04]} 31. Ke1 {[%emt 0:00:10]} Bxh5 {[%emt 0:00:06]} 32. Nd2 {[%emt 0:00:04]} Bg6 {[%emt 0:00:43]} 33. c3 {[%emt 0:00:02]} Kd7 {[%emt 0:02:38]} 34. Kf2 {[%emt 0:00:28]} bxc3 {[%emt 0:02:35]} 35. bxc3 {[%emt 0:00:02]} Kc6 {[%emt 0:00:48]} 36. Nc4 {[%emt 0:00:28]} f6 {[%emt 0:01:06]} 37. Kg3 {[%emt 0:00:06]} Bf7 {[%emt 0:01:24]} 38. Nd2 {[%emt 0:00:24]} Bxa2 {[%emt 0:00:31]} 39. Ne4 {[%emt 0:00:03]} 1/2-1/2

[Event "13th SRB-ch Men 2019"]
[Site "Beograd"]
[Date "2019.04.11"]
[Round "6.3"]
[White "Milanovic, Danilo"]
[Black "Cabarkapa, Novak"]
[Result "1-0"]
[WhiteElo "2495"]
[BlackElo "2454"]
[Annotator "TA"]
[PlyCount "58"]
[EventDate "2019.04.06"]
[EventType "tourn"]
[EventCountry "SRB"]
[SourceTitle "playchess.com"]
[Source "ChessBase"]
[SourceQuality "1"]

{[%evp 14,58,58,54,70,0,11,-1,5,-9,-9,-8,-8,-9,-9,-15,-8,-8,0,0,0,7,52,53,40,18,14,17,206,213,204,206,293,293,274,280,268,222,591,585,584,584,567,585,609,609,592]} 1. d4 Nf6 2. c4 g6 3. Nc3 Bg7 4. e4 O-O 5. Nge2 d6 6. Ng3 c5 7. d5 e6 8. Be2 h5 {E70: King's Indian: Miscellaneous lines with 4 e4, including 5 Nge2 and 5 Bd3 0-0 6 Nge2} 9. Nf1 $146 ({White should play} 9. Bg5 $14) ({Predecessor:} 9. Bg5 exd5 10. exd5 Qb6 11. Qb3 Qxb3 12. axb3 Bd7 13. O-O-O Re8 14. Bf3 Na6 15. Bf4 {0-1 (45) Gaifullin,A (2448)-Amin,B (2710) St Petersburg 2018}) 9... exd5 10. cxd5 b5 {aiming for ...b4.The position is equal.} 11. Bxb5 Nxe4 $1 12. Nxe4 Qa5+ 13. Nfd2 {Threatens to win with Qe2.} Qxb5 14. Nxd6 Qa6 15. N2c4 $132 {[%mdl 2048] White has counterplay} Rd8 16. Bf4 {With the idea 0-0.} Bf8 {[%cal Rf8d6]} 17. Qe2 $1 Bb7 18. Nxb7 Qxb7 19. O-O {Strongly threatening Rad1.} Rxd5 20. Rad1 Rf5 $2 {[#]} (20... Rxd1 $11 {and Black has nothing to worry.} 21. Rxd1 Nc6) 21. Bd6 $1 $18 {[%cal Rd6f8]} Bg7 22. Bg3 Bf8 {[#]} (22... Nc6 {was worth a try.}) 23. Rd8 $1 Nc6 24. Nd6 Nd4 25. Qe3 ({Weaker is} 25. Nxb7 Nxe2+ 26. Kh1 Rxd8 $17) 25... Qa6 $2 (25... Qd5 26. Rxa8 Qxa8) 26. Rxa8 {White is clearly winning.} Ne2+ 27. Qxe2 $1 Qxe2 28. Nxf5 gxf5 29. Bd6 $1 Qxb2 {Accuracy: White = 73%, Black = 33%.} 1-0

[Event "13th SRB-ch Men 2019"]
[Site "Beograd"]
[Date "2019.04.11"]
[Round "6.4"]
[White "Markovic, Miroslav"]
[Black "Damljanovic, Branko"]
[Result "1/2-1/2"]
[WhiteElo "2384"]
[BlackElo "2486"]
[Annotator "RC"]
[PlyCount "23"]
[EventDate "2019.04.06"]
[EventType "tourn"]
[EventCountry "SRB"]
[SourceTitle "playchess.com"]
[Source "ChessBase"]
[SourceQuality "1"]
[TimeControl "40/5400+30:1800+30"]

1. e4 {[%emt 0:00:00]} c5 {[%emt 0:00:00]} 2. Nf3 {[%emt 0:00:00]} e6 {[%emt 0:00:00]} 3. c3 {[%emt 0:00:30]} Nf6 {[%emt 0:00:07]} 4. e5 {[%emt 0:00:10]} Nd5 {[%emt 0:00:02]} 5. d4 {[%emt 0:00:27]} cxd4 {[%emt 0:00:06]} 6. cxd4 {[%emt 0:00:07]} d6 {[%emt 0:00:06]} 7. a3 {[%emt 0:00:09]} Bd7 {[%emt 0:00:19]} 8. Bd3 {[%emt 0:00:15]} Bc6 {[%emt 0:00:06]} 9. O-O {[%emt 0:00:06]} Nd7 {[%emt 0:00:04]} 10. b4 {[%emt 0:01:15]} a6 {[%emt 0:00:39]} 11. Qe2 {[%emt 0:00:31]} Be7 {[%emt 1:34:01]} 12. Bd2 {[%emt 0:00:18]} 1/2-1/2

[Event "13th SRB-ch Men 2019"]
[Site "Beograd"]
[Date "2019.04.11"]
[Round "6.5"]
[White "Savic, Miodrag R"]
[Black "Ivanisevic, Ivan"]
[Result "1/2-1/2"]
[WhiteElo "2498"]
[BlackElo "2611"]
[Annotator "TA"]
[PlyCount "26"]
[EventDate "2019.04.06"]
[EventType "tourn"]
[EventCountry "SRB"]
[SourceTitle "playchess.com"]
[Source "ChessBase"]
[SourceQuality "1"]

{[%evp 9,17,14,42,16,27,18,26,5,21,18]} 1. e4 c5 2. Nf3 e6 3. c3 d5 4. exd5 exd5 5. Bb5+ Bd7 6. Bxd7+ {B40: Sicilian: 2...e6, Unusual lines} Nxd7 7. O-O Bd6 8. Re1+ Ne7 9. d4 {Predecessor:} O-O $146 10. Bg5 Re8 11. Na3 c4 12. Nb5 Bb8 13. Qe2 f6 {0-1 (44) Fette,M (2346)-Nunn,J (2578) Germany 2000} 1/2-1/2

[Event "13th SRB-ch Men 2019"]
[Site "Beograd"]
[Date "2019.04.12"]
[Round "7.1"]
[White "Ivanisevic, Ivan"]
[Black "Zajic, Milan"]
[Result "0-1"]
[WhiteElo "2611"]
[BlackElo "2507"]
[Annotator "TA"]
[PlyCount "80"]
[EventDate "2019.04.06"]
[EventType "tourn"]
[EventCountry "SRB"]
[SourceTitle "playchess.com"]
[Source "ChessBase"]
[SourceQuality "1"]

{[%evp 9,80,4,13,-16,-8,-10,-4,-17,0,0,0,-6,10,-18,9,0,0,-2,4,-3,0,-23,-16,-16,-13,-10,-18,-23,-17,-34,-20,-45,-45,-96,-100,-102,-104,-104,-102,-102,-100,-109,-108,-105,-114,-103,-116,-133,-112,-204,-203,-204,-188,-186,-185,-181,-161,-153,-147,-274,-280,-283,-272,-322,-303,-325,-287,-369,-288,-403,-391,-568,-568]} 1. c4 e5 2. Nc3 Nf6 3. Nf3 Nc6 4. e4 Bb4 5. d3 d6 6. h3 {A28: English Opening: Four Knights Variation} (6. a3 Bc5 7. b4 Bb6 8. Na4 Bd4 9. Nxd4 Nxd4 10. Nc3 c6 11. Ne2 Ne6 12. g3 d5 13. exd5 cxd5 {½-½ (41) Pantsulaia,L (2589)-Bareev,E (2666) Batumi 2018}) 6... a5 7. g3 O-O 8. Bg2 {The position is equal.} h6 9. Be3 $146 ({Predecessor:} 9. O-O Re8 10. Be3 Be6 11. Kh2 Bc5 12. b3 Bd7 13. Qd2 Ba3 14. Rad1 b6 15. Nb5 Bc5 16. Nc3 Ba3 {½-½ (16) Andersen,J (2306)-Meissen,F (2328) ICCF email 2015}) 9... Be6 10. O-O Bc5 11. Nd5 Nd7 12. Kh2 Rb8 13. Rc1 Bxe3 14. fxe3 Ne7 15. Nh4 c6 16. Nxe7+ Qxe7 17. d4 {[#] Black must now prevent d5.} Nf6 18. Qe1 Ra8 19. Qc3 Bd7 20. Rcd1 Rfe8 21. Qa3 ({White should play} 21. b3 $15) 21... exd4 $17 22. exd4 Nxe4 23. Rde1 d5 24. Qxe7 Rxe7 25. cxd5 cxd5 26. Nf5 Re6 {...Nd2 is the strong threat.} 27. Rc1 Bc6 28. Rc2 Rae8 29. h4 (29. Bxe4 $17 Rxe4 30. Rff2) 29... Nf6 $19 30. Bh3 Re2+ 31. Rf2 Rxc2 32. Rxc2 h5 33. Kg2 Ne4 34. Kf3 (34. Re2 $17) 34... g6 35. Ne3 {[#]} Nxg3 $1 {[%mdl 512]} 36. Ng2 (36. Kxg3 Rxe3+) 36... Ne4 37. Nf4 Kg7 38. Bf1 Nf6 39. Rc5 Re4 40. Bb5 (40. Rxa5 {might work better.} Rxd4 41. Bd3) 40... Nd7 {Accuracy: White = 28%, Black = 67%.} 0-1

[Event "13th SRB-ch Men 2019"]
[Site "Beograd"]
[Date "2019.04.12"]
[Round "7.2"]
[White "Damljanovic, Branko"]
[Black "Savic, Miodrag R"]
[Result "0-1"]
[WhiteElo "2486"]
[BlackElo "2498"]
[Annotator "ChessBase"]
[PlyCount "122"]
[EventDate "2019.04.06"]
[EventType "tourn"]
[EventCountry "SRB"]
[SourceTitle "playchess.com"]
[Source "ChessBase"]
[SourceQuality "1"]
[TimeControl "40/5400+30:1800+30"]

1. Nf3 {[%emt 0:00:00]} Nf6 {[%emt 0:00:23]} 2. c4 {[%emt 0:00:00]} e6 {[%emt 0:00:13]} 3. Nc3 {[%emt 0:00:00]} Bb4 {[%emt 0:03:14]} 4. g3 {[%emt 0:00:00]} O-O {[%emt 0:01:28]} 5. Bg2 {[%emt 0:00:00]} d5 {[%emt 0:00:07]} 6. d4 {[%emt 0:00:02]} dxc4 {[%emt 0:06:57]} 7. O-O {[%emt 0:00:53]} Nc6 {[%emt 0:00:48]} 8. Qa4 {[%emt 0:00:07]} Bd7 {[%emt 0:11:16]} 9. Qc2 {[%emt 0:00:16]} Be7 {[%emt 0:00:36]} 10. Rd1 {[%emt 0:02:28]} Nb4 {[%emt 0:02:19]} 11. Qb1 {[%emt 0:03:55]} Bc6 {[%emt 0:01:43]} 12. e4 {[%emt 0:32:53]} Nd3 {[%emt 0:04:01]} 13. Rxd3 {[%emt 0:00:06]} cxd3 {[%emt 0:00:10]} 14. Qxd3 {[%emt 0:00:04]} a6 {[%emt 0:06:36]} 15. Bf4 {[%emt 0:14:13]} b5 {[%emt 0:03:33]} 16. Rd1 {[%emt 0:02:40]} Bb7 {[%emt 0:07:22]} 17. Ng5 {[%emt 0:17:49]} h6 {[%emt 0:05:15]} 18. Nh3 {[%emt 0:02:10]} b4 {[%emt 0:11:06]} 19. Na4 {[%emt 0:02:07]} Qd7 {[%emt 0:03:17]} 20. b3 {[%emt 0:01:45]} Qb5 {[%emt 0:03:07]} 21. Qc2 {[%emt 0:04:06]} Qc6 {[%emt 0:04:33]} 22. Qb1 {[%emt 0:04:19]} Rac8 {[%emt 0:01:42]} 23. f3 {[%emt 0:02:48]} Rfd8 {[%emt 0:01:56]} 24. Nf2 {[%emt 0:00:32]} Qe8 {[%emt 0:00:53]} 25. Be3 {[%emt 0:01:19]} Bc6 {[%emt 0:00:52]} 26. Nb2 {[%emt 0:00:55]} Bb5 {[%emt 0:00:02]} 27. Rc1 {[%emt 0:01:14]} Rd7 {[%emt 0:03:41]} 28. Nbd3 {[%emt 0:03:22]} Qd8 {[%emt 0:01:22]} 29. Qb2 {[%emt 0:03:22]} Bxd3 {[%emt 0:00:27]} 30. Nxd3 {[%emt 0:00:01]} c5 {[%emt 0:00:21]} 31. Nxc5 {[%emt 0:01:27]} Bxc5 {[%emt 0:00:10]} 32. dxc5 {[%emt 0:00:01]} Rd1+ {[%emt 0:00:28]} 33. Bf1 {[%emt 0:00:14]} a5 {[%emt 0:04:14]} 34. Kf2 {[%emt 0:00:26]} Rxc1 {[%emt 0:00:11]} 35. Qxc1 {[%emt 0:00:03]} Nd7 {[%emt 0:00:24]} 36. Ba6 {[%emt 0:01:46]} Rc7 {[%emt 0:01:20]} 37. Qd2 {[%emt 0:00:33]} Qe7 {[%emt 0:01:17]} 38. Qd6 {[%emt 0:00:26]} Qxd6 {[%emt 0:00:53]} 39. cxd6 {[%emt 0:00:01]} Rc6 {[%emt 0:01:20]} 40. Bb5 {[%emt 0:00:00]} Rxd6 {[%emt 0:00:00]} 41. Ke2 {[%emt 0:00:06]} e5 {[%emt 0:02:03]} 42. f4 {[%emt 0:03:30]} h5 {[%emt 0:08:00]} 43. h3 {[%emt 0:06:45]} g6 {[%emt 0:01:26]} 44. g4 {[%emt 0:02:00]} hxg4 {[%emt 0:00:56]} 45. hxg4 {[%emt 0:00:02]} Kg7 {[%emt 0:01:12]} 46. g5 {[%emt 0:02:49]} f6 {[%emt 0:01:31]} 47. fxe5 {[%emt 0:18:04]} fxe5 {[%emt 0:05:00]} 48. Bf2 {[%emt 0:00:54]} Kf7 {[%emt 0:00:31]} 49. Be3 {[%emt 0:01:12]} Ke7 {[%emt 0:01:08]} 50. Bf2 {[%emt 0:00:18]} Kd8 {[%emt 0:04:10]} 51. Be3 {[%emt 0:00:06]} Kc7 {[%emt 0:00:19]} 52. Bf2 {[%emt 0:00:03]} Re6 {[%emt 0:03:31]} 53. Kd3 {[%emt 0:00:56]} Rd6+ {[%emt 0:02:07]} 54. Ke2 {[%emt 0:00:08]} Nf8 {[%emt 0:03:35]} 55. Bc5 {[%emt 0:00:27]} Ne6 {[%emt 0:00:14]} 56. Bxd6+ {[%emt 0:00:53]} Kxd6 {[%emt 0:00:01]} 57. Kd3 {[%emt 0:01:17]} Nxg5 {[%emt 0:00:31]} 58. Be8 {[%emt 0:00:05]} Nh3 {[%emt 0:00:25]} 59. Ke3 {[%emt 0:00:48]} Nf4 {[%emt 0:00:16]} 60. Bf7 {[%emt 0:00:04]} Kc5 {[%emt 0:01:25]} 61. Be8 {[%emt 0:00:40]} g5 {[%emt 0:00:25]} 0-1

[Event "13th SRB-ch Men 2019"]
[Site "Beograd"]
[Date "2019.04.12"]
[Round "7.3"]
[White "Cabarkapa, Novak"]
[Black "Markovic, Miroslav"]
[Result "1/2-1/2"]
[WhiteElo "2454"]
[BlackElo "2384"]
[Annotator "ChessBase"]
[PlyCount "25"]
[EventDate "2019.04.06"]
[EventType "tourn"]
[EventCountry "SRB"]
[SourceTitle "playchess.com"]
[Source "ChessBase"]
[SourceQuality "1"]
[TimeControl "40/5400+30:1800+30"]

1. b3 {[%emt 0:00:00]} a5 {[%emt 0:00:00]} 2. c4 {[%emt 0:00:06]} a4 {[%emt 0:00:00]} 3. bxa4 {[%emt 0:01:15]} e5 {[%emt 0:00:17]} 4. Nc3 {[%emt 0:03:03]} Nc6 {[%emt 0:01:08]} 5. g3 {[%emt 0:01:11]} Nf6 {[%emt 0:00:17]} 6. Bg2 {[%emt 0:01:21]} Bc5 {[%emt 0:00:27]} 7. d3 {[%emt 0:04:59]} O-O {[%emt 0:00:59]} 8. Nf3 {[%emt 0:00:58]} h6 {[%emt 0:00:19]} 9. O-O {[%emt 0:00:37]} d6 {[%emt 0:00:14]} 10. Rb1 {[%emt 0:04:31]} Bb6 {[%emt 0:02:01]} 11. Nd5 {[%emt 0:01:18]} Nxd5 {[%emt 0:00:24]} 12. cxd5 {[%emt 0:00:07]} Nd4 {[%emt 0:00:35]} 13. Nxd4 {[%emt 0:04:53]} 1/2-1/2

[Event "13th SRB-ch Men 2019"]
[Site "Beograd"]
[Date "2019.04.12"]
[Round "7.4"]
[White "Kovacevic, Aleksandar"]
[Black "Milanovic, Danilo"]
[Result "1/2-1/2"]
[WhiteElo "2503"]
[BlackElo "2495"]
[Annotator "ChessBase"]
[PlyCount "92"]
[EventDate "2019.04.06"]
[EventType "tourn"]
[EventCountry "SRB"]
[SourceTitle "playchess.com"]
[Source "ChessBase"]
[SourceQuality "1"]
[TimeControl "40/5400+30:1800+30"]

1. e4 {[%emt 0:00:00]} d5 {[%emt 0:00:06]} 2. exd5 {[%emt 0:00:00]} Qxd5 {[%emt 0:00:07]} 3. Nc3 {[%emt 0:00:00]} Qd6 {[%emt 0:00:07]} 4. d4 {[%emt 0:00:16]} Nf6 {[%emt 0:00:07]} 5. Nf3 {[%emt 0:00:27]} c6 {[%emt 0:00:19]} 6. Ne5 {[%emt 0:00:34]} Be6 {[%emt 0:00:07]} 7. Bf4 {[%emt 0:00:47]} Qd8 {[%emt 0:00:34]} 8. h4 {[%emt 0:01:02]} g6 {[%emt 0:01:45]} 9. h5 {[%emt 0:00:41]} gxh5 {[%emt 0:03:15]} 10. Bc4 {[%emt 0:01:17]} Bxc4 {[%emt 0:09:14]} 11. Nxc4 {[%emt 0:00:06]} Bg7 {[%emt 0:01:03]} 12. Qe2 {[%emt 0:04:06]} O-O {[%emt 0:19:50]} 13. O-O-O {[%emt 0:23:09]} Re8 {[%emt 0:11:46]} 14. Rxh5 {[%emt 0:00:30]} Nxh5 {[%emt 0:00:30]} 15. Qxh5 {[%emt 0:00:30]} Nd7 {[%emt 0:32:10]} 16. Ne4 {[%emt 0:23:16]} Nf8 {[%emt 0:04:59]} 17. Ne3 f6 18. Bh6 {[%emt 0:00:00]} Bxh6 {[%emt 0:00:00]} 19. Qxh6 {[%emt 0:00:00]} Qc8 {[%emt 0:02:01]} 20. Rh1 {[%emt 0:17:03]} Qe6 {[%emt 0:01:02]} 21. Rh4 {[%emt 0:02:11]} f5 {[%emt 0:06:27]} 22. Qg5+ {[%emt 0:07:31]} Qg6 {[%emt 0:00:30]} 23. Nxf5 {[%emt 0:00:43]} Qxg5+ {[%emt 0:00:43]} 24. Nxg5 {[%emt 0:00:02]} e6 {[%emt 0:00:47]} 25. Nd6 {[%emt 0:08:17]} Re7 {[%emt 0:00:05]} 26. Nge4 {[%emt 0:00:30]} Ng6 {[%emt 0:04:51]} 27. Rg4 {[%emt 0:00:05]} Rf8 {[%emt 0:00:17]} 28. g3 {[%emt 0:00:30]} Rg7 {[%emt 0:00:36]} 29. Rg5 {[%emt 0:01:49]} b6 {[%emt 0:00:21]} 30. c3 {[%emt 0:02:46]} Ne7 {[%emt 0:00:47]} 31. Re5 {[%emt 0:00:34]} Rg6 {[%emt 0:00:31]} 32. Kd2 {[%emt 0:07:18]} h6 {[%emt 0:00:16]} 33. Ke2 {[%emt 0:00:00]} Nf5 {[%emt 0:00:29]} 34. Nc4 {[%emt 0:00:00]} Kf7 {[%emt 0:00:30]} 35. a4 {[%emt 0:00:00]} Ke7 {[%emt 0:00:14]} 36. a5 {[%emt 0:00:00]} b5 {[%emt 0:00:47]} 37. Ncd2 {[%emt 0:00:00]} Nd6 {[%emt 0:00:19]} 38. Nxd6 {[%emt 0:00:21]} Kxd6 {[%emt 0:00:04]} 39. Ne4+ {[%emt 0:00:17]} Ke7 {[%emt 0:00:45]} 40. Nc5 {[%emt 0:00:00]} Rf5 {[%emt 0:00:00]} 41. Nd3 {[%emt 0:06:48]} Kd6 {[%emt 0:13:23]} 42. Re4 {[%emt 0:02:32]} h5 {[%emt 0:01:24]} 43. Nf4 {[%emt 0:03:42]} Rh6 {[%emt 0:00:53]} 44. Nd3 {[%emt 0:00:13]} Rg6 {[%emt 0:06:45]} 45. Nf4 {[%emt 0:00:28]} Rgf6 {[%emt 0:00:34]} 46. Nd3 {[%emt 0:02:07]} Rg6 {[%emt 0:02:47]} 1/2-1/2